00681nam a2200229 a 4500001001300000003000900013005001700022008004100039020002300080082001600103100001100119245003700130260005000167300001000217500003500227650001700262700001100279902000800290942000700298952012900305999001700434nice12345678IN_TiNIC20260116014414.0140722s2008 puna grp 000 0 eng  a9788172612221c50000a291.4bOSH1 aOsho,  aMan of Truthb A Mojority of One aPune, India bOsho Media International c2008 a391p  aincludes index and biblioraphy aSpirituality1 aOsho,  bSRS cBK 001040708StackRoom-aHMIbHMId2005-01-01g500.00l1o291.4 OSH1p024508r2022-03-09s2022-02-23v500.00w2014-07-22yBK c15147d15147